Archivo de la palabra : 1905-2005 /

Concebido como memoria de la estación radiofónica de la Universidad Nacional de La Plata, la primera de su tipo en el mundo, en el presente disco compacto se compilan fragmentos de intervenciones radiofónicas o grabaciones sonoras de 18 personajes de artistas y pensadores que marcaron el rumbo del a...

Whakaahuatanga katoa

I tiakina i:
Ngā taipitopito rārangi puna kōrero
Kaituhi rangatōpū: Universidad Nacional de La Plata, Radio Universidad
Hōputu: Ororongo
Reo:Pāniora
I whakaputaina: La Plata, Argentina : Universidad Nacional de La Plata, 2005, c2005
Ngā marau:
Ngā Tūtohu: Tāpirihia he Tūtohu
Kāore He Tūtohu, Me noho koe te mea tuatahi ki te tūtohu i tēnei pūkete!

MARC

LEADER 00000nim^a2200000^a^4500
001 000272704
005 20250521000000.0
009 20260310111107.346
025 |a Donación sin dato, 1 ejemplar 
037 |a Acervo ITESO - Biblioteca 
041 |a ESP 
082 |a 302. 233098212  |b UNI UNLP V. 1 
110 |a Universidad Nacional de La Plata, Radio Universidad 
240 1 1 |a [Archivo de la palabra] 
245 1 0 |a Archivo de la palabra :  |b 1905-2005 / 
264 4 |a La Plata, Argentina :  |b Universidad Nacional de La Plata,  |c 2005, c2005 
300 |a 1 disco compacto sonoro (sin dato de duración) (CD disponible) 
300 |a 1 audiolibro 
336 |a palabra hablada  |b spw  |2 rdacontenido 
337 |a audio  |b s  |2 rdamedio 
338 |a disco sonoro  |b sd  |2 rdasoporte 
520 |a Concebido como memoria de la estación radiofónica de la Universidad Nacional de La Plata, la primera de su tipo en el mundo, en el presente disco compacto se compilan fragmentos de intervenciones radiofónicas o grabaciones sonoras de 18 personajes de artistas y pensadores que marcaron el rumbo del arte y la cultura del siglo XX: 1. Salvador Dalí; 2. Arturo Capdevila (sobre su paso por la Universidad Nacional de La Plata, noviembre de 1961); 3. Albert Einstein (extracto de "La meta de la existencia humana", 4 de noviembre de 1943); 4. Adolfo Bioy Casares (sobre sus inicios como escritor, Feria del Libro de La Plata el 12 de noviembre de 1995); 5. Julio Cortázar (lectura de un fragmento de Historia de cronopios y de famas); 6. Alfonsina Storni (participación en Una charlilla apurada, Montevideo, 27 de enero de 1938); 7. Gabriela Mistral (participación en Una charlilla apurada, Montevideo, 27 de enero de 1938); 8. Jorge Luis Borges (lectura de Texas, Buenos Aires, 8 de mayo de 1962); Manuel Mújica Laínez (lectura de Autobiografía, Buenos Aires, julio de 1967); 10. Pablo Picasso; 11. Victoria Ocampo (palabras pronunciadas durante la inauguración de la Biblioteca de la Escuela N° 22 de Berisso, Provincia de Buenos Aires, 15 de noviembre de 1969); René Favaloro (mensaje a la juventud durante los festejos de los 100 años del Colegio Nacional, La Plata, 8 de abril de 1985); 13. Armando Tejada Gómez (lectura de Poeta de la legua); 14. Rodolfo Walsh (lectura de Operación masacre, La Habana, 1977); 15. Emilio Pettoruti (discurso de recepción del Doctorado Honoris Causa, Universidad Nacional de La Plata, 14 de octubre de 1969); 16. Juan Gelman (lectura de El infierno verdadero); 17. Ernesto Sábato (habla de su vida en el homenaje que le rindiera el Colegio Nacional de La Plata, 6 de octubre de 1989); 18. Atahualpa Yupanqui. 
649 |a XX 
650 |a Músicos Argentinos 
650 |a Pintores Españoles 
650 |a Pintores Argentinos 
650 |a Artistas Españoles 
650 |a Artistas Argentinos 
650 |a Historiadores Argentinos 
650 |a Escritores Argentinos 
650 |a Escritores Chilenos 
650 |a Científicos Alemanes 
650 |a Médicos Argentinos 
650 |a Radio Cultural -  |z La Plata, Argentina -  |x Tema Principal 
650 |a Radio -  |z La Plata, Argentina -  |x Función Educativa-Cultural 
650 |a Medios Audiovisuales -  |z La Plata, Argentina -  |x Historia 
650 |a Medios de Comunicación -  |z La Plata, Argentina -  |x Historia 
650 |a Comunicación Masiva -  |z La Plata, Argentina -  |x Historia 
650 |a Dalí, Salvador 
650 |a Capdevila, Arturo 
650 |a Einstein, Albert 
650 |a Bioy Casares, Adolfo 
650 |a Storni, Alfonsina 
650 |a Borges, Jorge Luis 
650 |a Mújica Laínez, Manuel 
650 |a Ocampo, Victoria 
650 |a Favaloro, René 
650 |a Tejada Gómez, Armando 
650 |a Walsh, Rodolfo 
650 |a Pettoruti, Emilio 
650 |a Gelman, Juan 
600 |a Mistral, Gabriela 
600 |a Yupanqui, Atahualpa 
910 |a Fondo General 
920 |a Sonoros - CDs 
905 |a 403 
901 |a 0500158379  |b IT2  |c CDS  |i D  |u 20250521 
902 |a https://opac.biblio.iteso.mx/vufind/Record/000272704